| 000 | 00556nam a22001937a 4500 | ||
|---|---|---|---|
| 003 | CEME | ||
| 005 | 20210628205836.0 | ||
| 008 | 210317b xxu||||| |||| 00| 0 eng d | ||
| 020 | _a0-07-026691-3 | ||
| 040 | _c. | ||
| 082 | _a621.381 SER | ||
| 100 |
_aSergent, Jerry E. Harper, Charles A. _977215 |
||
| 245 | _aHybrid microelectronics handbook | ||
| 250 | _a2ND | ||
| 260 |
_aNEWYORK _bMCGRAW HILL _c1995 |
||
| 300 | _aVP | ||
| 650 |
_aMICROELECTRONICS HANDBOOK MANUALS HYBRID INTEGRATED CIRCUITS- DESIGN AND CONSTRUCTION _977216 |
||
| 942 |
_cBK _2ddc |
||
| 999 |
_c582523 _d582523 |
||